Normal view MARC view
  • RAVICHANDRA,N.G

Entry Personal Name

Number of records used in: 2

001 - CONTROL NUMBER

  • control field: 3476

003 - CONTROL NUMBER IDENTIFIER

  • control field: OSt

005 - DATE AND TIME OF LATEST TRANSACTION

  • control field: 20160903164405.0

008 - FIXED-LENGTH DATA ELEMENTS

  • fixed length control field: 160903|| aca||aabn | a|a d

040 ## - CATALOGING SOURCE

  • Original cataloging agency: OSt
  • Transcribing agency: OSt

100 ## - HEADING--PERSONAL NAME

  • Personal name: RAVICHANDRA,N.G

670 ## - SOURCE DATA FOUND

  • Source citation: Work cat.: (OSt): RAVICHANDRA,N.G, PLANT NEMATOLOGY, 2015